• 首页
  • 本馆介绍
  • 公告通知
  • 最新文献
  • 馆藏检索
  • 电子资源
  • 读者导购
  • 参考咨询
  • 我的图书馆
  • 登录
  • 详细信息显示
  • 放入我的书架
  • 预约/预借图书
  • 作者相关作品
  • 分类相关作品
  • 丛书相关作品
  • 出版社相关作品

书目信息

  • 表格格式
  • 工作单格式
  • 卡片格式
题名:
寒地水稻耐冷性研究
    
 
作者: 邹德堂 , 刘化龙 著
分册:  
出版信息: 北京   中国农业科学技术出版社  2013
页数: 146页
开本: 23cm
丛书名:
单 册:
中图分类: S511.01
科图分类:
主题词: 寒冷地区--水稻--耐寒性--研究 , 寒冷地区 , 水稻 , 耐寒性
电子资源:
ISBN: 978-7-5116-1373-8
000 00964nam0 2200277 450
001 012015000826
005 20150914161741.25
010    @a978-7-5116-1373-8@dCNY30.00
100    @a20140429d2013 em y0chiy50 ea
101 0  @achi
102    @aCN@b110000
105    @aa z 000yy
106    @ar
200 1  @a寒地水稻耐冷性研究@Ahan di shui dao nai leng xing yan jiu@f邹德堂,刘化龙著
210    @a北京@c中国农业科学技术出版社@d2013
215    @a146页@c图@d23cm
330    @a本书介绍了水稻冷害、寒地水稻耐冷性鉴定与评价、不同生育期低温胁迫对寒地水稻的影响、寒地水稻耐冷性QTL定位研究、寒地水稻不同生育期耐冷性与SSR标记的关联分析、黑龙江省稻区寒地水稻等内容。
606 0  @a寒冷地区@x水稻@x耐寒性@x研究
606 0  @a寒冷地区
606 0  @a水稻
606 0  @a耐寒性
690    @aS511.01@v5
701  0 @a邹德堂@Azou de tang@f(1965~)@4著
701  0 @a刘化龙@Aliu hua long@f(1978~)@4著
801  0 @aCN@b碧洲教育@c20150718
905    @a10447@f4@dS511.01@e60
    
    寒地水稻耐冷性研究/邹德堂,刘化龙著.-北京:中国农业科学技术出版社,2013
    146页:图;23cm
    
    
    ISBN 978-7-5116-1373-8:CNY30.00
    本书介绍了水稻冷害、寒地水稻耐冷性鉴定与评价、不同生育期低温胁迫对寒地水稻的影响、寒地水稻耐冷性QTL定位研究、寒地水稻不同生育期耐冷性与SSR标记的关联分析、黑龙江省稻区寒地水稻等内容。
●
相关链接 在E读中查询图书 在五车中查询图书 在当当中查询图书 在豆瓣中查询图书


正题名:寒地水稻耐冷性研究     索取号:S511.01/60         预约/预借

序号 登录号 条形码 馆藏地/架位号 状态 备注
1 0847886   208478869   第二样本阅览室/ [索取号:S511.01/60] 在馆    
2 0847887   208478878   第三借阅区/ [索取号:S511.01/60] 在馆    
3 0847888   208478887   第三借阅区/ [索取号:S511.01/60] 在馆    
4 0847889   208478896   密集书库-生命科学系/ [索取号:S511.01/60] 在馆    
唐山师范学院图书馆 欢迎您!
大连网信软件有限公司© 版权所有